000 00657nam a2200277Ia 4500
005 20260324145008.0
008 008 260324s9999 xx 000 0 eng d
020 _a9781003133841
037 _aEBOOK
040 _aCRL
040 _beng
040 _cCRL
041 _2eng
041 _aeng
084 _qCRL
100 _aMichael Harloe
_91221375
245 0 _aPrivate Rented Housing in the United States and Europe
260 _bTaylor and Francis
260 _c1985
365 _a
365 _b230
856 _uhttp://www.taylorfrancis.com/books/9781003133841
942 _cEBOOK
999 _c1828678
_d1828678